• 首页
  • 本馆介绍
  • 公告通知
  • 最新文献
  • 馆藏检索
  • 电子资源
  • 读者导购
  • 参考咨询
  • 我的图书馆
  • 登录
  • 详细信息显示
  • 放入我的书架
  • 预约/预借图书
  • 作者相关作品
  • 分类相关作品
  • 丛书相关作品
  • 出版社相关作品

书目信息

  • 表格格式
  • 工作单格式
  • 卡片格式
题名:
植物病原菌抗药性分子生物学
    
 
作者: 杨谦
分册:  
出版信息: 北京   科学出版社  2003
页数: 156
开本: 23cm
丛书名:
单 册:
中图分类: S481
科图分类:
主题词: 植物--灾害--农药防治 , 植物--灾害--化学防治
电子资源:
ISBN: 7-03-011470-1
000 00572nam0 2200193 450
001 0741144344
005 20070817112544.34
010    @a7-03-011470-1@d¥25.00
100    @a20070817d km y0chiy0120 ea
101 0  @achi
200 1  @a植物病原菌抗药性分子生物学@Azhi wu bing yuan jun kang yao xing fen zi sheng wu xue@f杨谦@Fyang qian
210    @a北京@c科学出版社@d2003
215    @a156@d23cm
606 0  @a植物@x灾害@x农药防治
606 0  @a植物@x灾害@x化学防治
690    @aS481@v3
701  0 @a杨谦@Ayang qian
801  0 @aCN@bPFT@c20070817
905    @a213230@dS481@en1@f1
    
    植物病原菌抗药性分子生物学/杨谦.-北京:科学出版社,2003
    156;23cm
    
    
    ISBN 7-03-011470-1:¥25.00
    
●
相关链接 在E读中查询图书 在五车中查询图书 在当当中查询图书 在豆瓣中查询图书


正题名:植物病原菌抗药性分子生物学     索取号:S481/n1         预约/预借

序号 登录号 条形码 馆藏地/架位号 状态 备注
1 6600616   266006163   密集书库-生命科学系/ [索取号:S481/n1] 在馆    
唐山师范学院图书馆 欢迎您!
大连网信软件有限公司© 版权所有